Berlin antlaşmasından günümüze Balkanlar (Record no. 3618)

MARC details
000 -BAŞLIK
Sabit Uzunlukta Kontrol Alanı 00809na a2200241 4500
001 - KONTROL NUMARASI
Denetim Alanı 23701
003 - KONTROL NUMARASI IDENTIFIER
Denetim Alanı MIRAKIL
005 - SON İŞLEM TARİHİ VE ZAMANI
Denetim Alanı 20181213154937.0
008 - SABİT-BOY VERİ ELEMANLARI - GENEL BİLGİLER
Sabit Uzunlukta Kontrol Alanı 181105b tu 000 0
040 ## - KATALOGLAMA KAYNAK
Orijinal Kataloglama Ajansı Milas
Kataloglama Dili tur
Metne Dönüştürmek Ajansı TR-AnCHP
041 ## - DİL KODU
Metin / Ses Parça Veya Ayrı Başlığın Dil Kodu tur
082 ## - DEWEY ONLU SINIFLANDIRMA NUMARASI
Sınıflandırma Numarası 909.049435
Ürün Numarası B24b 1999
090 ## - SINIFLAMA NUMARASI
Sınıflama Numarası 909.049435 B24b 1999
111 ## - ANA GİRİŞ - TOPLANTI ADI
Giriş Elemanı Olarak Toplantı Adı Veya Yargı Alanı Adı Balkan toplantısı
Toplantının Yeri İstanbul
Toplantı Veya Antlaşma İmzalandığı Tarihi 10 Mayıs 1997
Bölüm / Bölüm / Toplantı Sayısı 1.
245 ## - BAŞLIK TABLOSU
Başlık Berlin antlaşmasından günümüze Balkanlar
Sorumluluk Tablosu, Vb Derleyen ve yayına hazırlayan Mustafa Bereketli
260 ## - YAYIN, DAĞITIM, VB
Yayın, Dağıtım, Vb Yeri İstanbul
Yayıncı, Dağıtıcı, Vs Adı Rumeli Türkleri Vakfı
Yayın, Dağıtım, Vb Tarihi 1999
Üretici Firma Yaylacık matbaacılık
300 ## - FİZİKSEL TANIM
Kapsam 200 s.
Boyutlar 19 sm.
440 ## - SERİSİ TABLOSU / KATMA GİRİŞİ - BAŞLIK
Başlık Rumeli Kültür Vakfı Yayınları
Hacim / Ardışık Tanımı 1
650 ## - KONU KATMA GİRİŞ - TOPİKAL DÖNEM
Topikal Süreli Veya Coğrafi Ad Giriş Elemanı Balkanlar
Genel Alt Bölümü Toplantılar
-- Tarih
650 ## - KONU KATMA GİRİŞ - TOPİKAL DÖNEM
Topikal Süreli Veya Coğrafi Ad Giriş Elemanı Türkler, Balkanlar
Genel Alt Bölümü Toplantılar
700 ## - KATMA GİRİŞ - KİŞİSEL İSİM
Kişisel Ad Bereketli, Mustafa
942 ## - EKLENDİ GİRİŞ ELEMANLARI (KOHA)
Sınıflandırma Veya Raf Düzeni Kaynak Dewey Decimal Classification
Koha Öğesi Türü Books
999 ## - SİSTEM KONTROL NUMARALARI (KOHA)
Koha Biblionumber 3618
Koha Biblioitemnumber 3618
Holdings
Kalıcı Konum Mevcut Konum Edinme Tarihi Edinim Kaynak Toplam Check-Out'Lar Tam Çağrı Numarası Barkod Tarih Son Görülme İtibaren Geçerli Fiyatlar Koha Öğesi Türü
CHP Kütüphanesi CHP Kütüphanesi 12/06/2017 Bağış   909.049435 B24b 1999 017695 12/06/2017 12/06/2017 Books